[Event "EU-ch U12"]
[Site "Bratislava"]
[Date "2019.08.10"]
[Round "9"]
[White "Koska, Jiri"]
[Black "Heric, Luka"]
[Result "1/2-1/2"]
[WhiteElo "1587"]
[BlackElo "1215"]
[PlyCount "42"]
[EventDate "2019.08.02"]
[EventType "swiss"]
[EventRounds "9"]
[EventCountry "SVK"]
[SourceTitle "EXT 2020"]
[Source "ChessBase"]
[SourceDate "2019.10.17"]
[SourceVersion "1"]
[SourceVersionDate "2019.10.17"]
[SourceQuality "1"]

1. e4 d6 2. d4 Nf6 3. Nc3 g6 4. Be3 Bg7 5. f3 c6 6. Qd2 b5 7. Bd3 Nfd7 8. Rb1 Nb6 9. Nge2 b4 10. Nd1 a5 11. Nf2 Ba6 12. Bxa6 Nxa6 13. b3 Nc7 14. Nd1 Nb5 15. c4 Na3 16. Rc1 c5 17. dxc5 dxc5 18. Qxd8+ Rxd8 19. Bxc5 Nd7 20. Bd4 Bxd4 21. Nxd4 Ne5 1/2-1/2

[Event "EU-ch U12"]
[Site "Bratislava"]
[Date "2019.08.07"]
[Round "6"]
[White "Heric, Luka"]
[Black "Bologan, Anton"]
[Result "0-1"]
[WhiteElo "1215"]
[BlackElo "1075"]
[PlyCount "32"]
[EventDate "2019.08.02"]
[EventType "swiss"]
[EventRounds "9"]
[EventCountry "SVK"]
[SourceTitle "EXT 2020"]
[Source "ChessBase"]
[SourceDate "2019.10.17"]
[SourceVersion "1"]
[SourceVersionDate "2019.10.17"]
[SourceQuality "1"]

1. e4 e5 2. Nf3 Nc6 3. Bc4 Bc5 4. b4 Bb6 5. a4 a6 6. Nc3 Nf6 7. 0-0 d6 8. Nd5 Bg4 9. d3 Nd4 10. c3 Nxf3+ 11. gxf3 Bh3 12. Re1 Nxd5 13. Bxd5 c6 14. Bb3 Qf6 15. Kh1 Bxf2 16. Re2 Qxf3# 0-1

[Event "EU-ch U12"]
[Site "Bratislava"]
[Date "2019.08.06"]
[Round "5"]
[White "Licka, Denis"]
[Black "Heric, Luka"]
[Result "1-0"]
[WhiteElo "1523"]
[BlackElo "1215"]
[PlyCount "53"]
[EventDate "2019.08.02"]
[EventType "swiss"]
[EventRounds "9"]
[EventCountry "SVK"]
[SourceTitle "EXT 2020"]
[Source "ChessBase"]
[SourceDate "2019.10.17"]
[SourceVersion "1"]
[SourceVersionDate "2019.10.17"]
[SourceQuality "1"]

1. e4 d6 2. d4 Nf6 3. Nc3 g6 4. Be3 Bg7 5. f3 c6 6. Qd2 b5 7. g4 h5 8. g5 Nfd7 9. Bd3 a5 10. f4 Nb6 11. Nf3 Nc4 12. Bxc4 bxc4 13. Nh4 e6 14. 0-0 d5 15. f5 exf5 16. exf5 Rg8 17. Qf2 gxf5 18. Nxf5 Be6 19. Rae1 Qd7 20. Bd2 Kd8 21. Nxg7 Rxg7 22. Qf6+ Kc8 23. Qxg7 Kb7 24. Rxe6 Qxe6 25. Qxf7+ Qxf7 26. Rxf7+ Kb6 27. Rf8 1-0

[Event "EU-ch U12"]
[Site "Bratislava"]
[Date "2019.08.02"]
[Round "1"]
[White "Heric, Luka"]
[Black "Zlatkov, Anton"]
[Result "0-1"]
[WhiteElo "1215"]
[BlackElo "1817"]
[PlyCount "40"]
[EventDate "2019.08.02"]
[EventType "swiss"]
[EventRounds "9"]
[EventCountry "SVK"]
[SourceTitle "EXT 2020"]
[Source "ChessBase"]
[SourceDate "2019.10.17"]
[SourceVersion "1"]
[SourceVersionDate "2019.10.17"]
[SourceQuality "1"]

1. e4 c5 2. Nc3 a6 3. f4 e6 4. Nf3 Nc6 5. d4 cxd4 6. Nxd4 Bb4 7. Qd3 Nf6 8. Nxc6 bxc6 9. Bd2 d5 10. a3 Bxc3 11. Bxc3 Nxe4 12. Be2 0-0 13. 0-0 c5 14. Bf3 f5 15. Be5 Bb7 16. c3 Qb6 17. Kh1 Bc6 18. Qc2 d4 19. Rfc1 d3 20. Qd1 Nf2+ 0-1

[Event "SLO-ch 29th"]
[Site "Radenci"]
[Date "2019.04.28"]
[Round "2"]
[White "Novak, Simona"]
[Black "Heric, Luka"]
[Result "1/2-1/2"]
[WhiteElo "1663"]
[BlackElo "1227"]
[PlyCount "60"]
[EventDate "2019.04.27"]
[EventType "swiss"]
[EventRounds "9"]
[EventCountry "SLO"]
[SourceTitle "CBM 190 Extra"]
[Source "ChessBase"]
[SourceDate "2019.07.15"]
[SourceVersion "1"]
[SourceVersionDate "2019.07.15"]
[SourceQuality "1"]

1. e4 d6 2. d4 Nf6 3. Nc3 g6 4. f3 Bg7 5. Be3 c6 6. Qd2 Qa5 7. 0-0-0 b5 8. g4 b4 9. Nb1 Qxa2 10. Qxb4 Nfd7 11. Bc4 Qa1 12. Kd2 c5 13. Qb3 Qa5+ 14. Ke2 e6 15. Nh3 Ba6 16. Kf2 Bxc4 17. Qxc4 Nb6 18. Qe2 cxd4 19. Bxd4 Bxd4+ 20. Rxd4 Qc5 21. c3 e5 22. Kg2 exd4 23. cxd4 Qc4 24. Qe3 Qc2+ 25. Kg3 Qc7 26. Rc1 Qe7 27. Nf4 N8d7 28. Nc3 Nf6 29. e5 g5 30. Nd3 Nc8 1/2-1/2